000 00832nam a22002657a 4500
001 9381
003 FISKH
005 20251216143603.0
008 251216b cb ||||| |||| 00| 0 eng d
020 _a085078428
040 _aFISKH
_beng
_cFISKH
_dFISKH
050 _aV857 .L55
082 _a387.2
100 _aLines, Clifford John
_eAuthor
245 _aLooking at submarines :
_bLooking at transport /
_cClifford Lines
260 _aEast Sussex :
_bWayland ,
_c1984
300 _a63 pages :
_bphotographs ;
_c24 cm
505 _aP
520 _aGives a brief history of underwater craft and describes various types of submarines and submersibles and their functions.
521 8 _a650
_bLexile estimate
521 8 _aP
_bRaz-Plus
650 _aFirst submarine
_vNuclear power
942 _2ddc
_cBK
_n0
999 _c9381
_d9381